| 000 | 00911nam0a22002771 4500 | ||
|---|---|---|---|
| 001 | rc\805221 | ||
| 005 | 20250622000249.0 | ||
| 035 | _a(NLR Aleph) 005989169 | ||
| 090 |
_a7109523 _c7109523 |
||
| 100 | _a20041129d1983 |||y0rusy50 ca | ||
| 101 | 0 | _arus | |
| 102 | _aRU | ||
| 105 | _aa ||||||||| | ||
| 200 | 1 |
_aЯзык и человек _eПробл. яз., мышления и коммуникации _eПособие по швед. яз. |
|
| 210 |
_aМ. _cВысш. школа _d1983 |
||
| 215 |
_a251 с. _cил. _d22 |
||
| 300 | _aПеревод изд.: Människans spräk / Per Linell (Lund) | ||
| 300 | _aПер.: швед.: Människans spräk / Per Linell | ||
| 320 | _aБиблиогр.: с. 202-209 | ||
| 320 | _aУказ.: с. 210-212 | ||
| 700 | 1 |
_aЛинелл _bП. _gПер |
|
| 801 | 0 |
_aRU _bNLR _gpsbo |
|
| 801 | 1 |
_aRU _bELAR _2rusmarc |
|
| 852 |
_aNLR _j83-5/6426 |
||
| 942 | _cBOOK | ||
| 980 | _aNB | ||